000 00604nam a2200217Ia 4500
005 20250508161612.0
008 008 250505s9999 xx 000 0 eng d
037 _aTextual
040 _aFEDL
_beng
_cFEDL
041 _aeng
_2eng
084 _a371.42, JON
_qFEDL
100 _aJones Arthur J
245 0 _aPrinciples of guidance
250 _a6
260 _aNew York, USA
_bMcGraw-Hill Book Company
_c1963
300 _a245p.
490 _aMcGraw-Hill series in education
650 _aEducation - Guidance
_9757177
942 _cTEXL
_h371.42, JON
999 _c1371057
_d1371057